Beverly hills cop / directed by Cate Shortland ; produced by Kevin Feige ; story by Jc Schaeffer, Ned Benson. (Record no. 20680)
| 000 -LEADER | |
|---|---|
| fixed length control field | 01164nam a22002897a 4500 |
| 008 - FIXED-LENGTH DATA ELEMENTS--GENERAL INFORMATION | |
| fixed length control field | 250523b xxu||||| |||| 00| 0 eng d |
| 082 ## - DEWEY DECIMAL CLASSIFICATION NUMBER | |
| Classification number | 791.43 |
| Item number | B5716 |
| 245 ## - TITLE STATEMENT | |
| Title | Beverly hills cop / directed by Cate Shortland ; produced by Kevin Feige ; story by Jc Schaeffer, Ned Benson. |
| Remainder of title | axel f. |
| 260 ## - PUBLICATION, DISTRIBUTION, ETC. (IMPRINT) | |
| Place of publication, distribution, etc | United States : |
| Name of publisher, distributor, etc | Netflix, |
| Date of publication, distribution, etc | 2024. |
| 300 ## - PHYSICAL DESCRIPTION | |
| Extent | 1 videofile, (ca. 118 mins.) : |
| Other physical details | sound,color. |
| 520 ## - SUMMARY, ETC. | |
| Summary, etc | Axel Foley has returned to Beverly Hills after his daughter Jane and his old partner Billy Rosewood's lives are threatened. She and Axel team up with her ex-boyfriend Bobby Abbot and Foley's old pals, John Taggart and Serge,to uncover a cospiracy. |
| 546 ## - LANGUAGE NOTE | |
| Language note | In English subtitle. |
| 650 ## - SUBJECT ADDED ENTRY--TOPICAL TERM | |
| Topical term or geographic name as entry element | Thiller. |
| 650 ## - SUBJECT ADDED ENTRY--TOPICAL TERM | |
| Topical term or geographic name as entry element | Comedy. |
| 650 ## - SUBJECT ADDED ENTRY--TOPICAL TERM | |
| Topical term or geographic name as entry element | Crime. |
| 700 ## - ADDED ENTRY--PERSONAL NAME | |
| Personal name | Murphy, Eddie, star. |
| 700 ## - ADDED ENTRY--PERSONAL NAME | |
| Personal name | Levitt, Joseph, star. |
| 700 ## - ADDED ENTRY--PERSONAL NAME | |
| Personal name | Paige, Taylour, star. |
| 700 ## - ADDED ENTRY--PERSONAL NAME | |
| Personal name | Reinhold, Judge, star. |
| 700 ## - ADDED ENTRY--PERSONAL NAME | |
| Personal name | Ashton, John, star. |
| 700 ## - ADDED ENTRY--PERSONAL NAME | |
| Personal name | Reiser, Paul, star. |
| 700 ## - ADDED ENTRY--PERSONAL NAME | |
| Personal name | Pinchot, Bronson, star. |
| 700 ## - ADDED ENTRY--PERSONAL NAME | |
| Personal name | Bacon, Kevin, star. |
| 700 ## - ADDED ENTRY--PERSONAL NAME | |
| Personal name | Edu, Grau, cinematographer. |
| 700 ## - ADDED ENTRY--PERSONAL NAME | |
| Personal name | Lebentel, Dan, editor. |
| 942 ## - ADDED ENTRY ELEMENTS (KOHA) | |
| Source of classification or shelving scheme | |
| Item type | Audio-Visual Materials |
No copies available.